| 000 | 00780nam a2200265Ia 4500 | ||
|---|---|---|---|
| 003 | OSt | ||
| 005 | 20220928124721.0 | ||
| 006 | a|||||r|||| 00| 0 | ||
| 007 | ta | ||
| 008 | 220927b |||||||| |||| 00| 0 eng d | ||
| 020 | _c0 | ||
| 024 | _a115751 | ||
| 037 |
_b4787, 15/02/2012, Gift _cTextual |
||
| 040 |
_aSDCL _cSDCL _beng |
||
| 041 |
_2eng _aeng |
||
| 082 | _aB313N, Q1 | ||
| 100 |
_aBauschke Heinz H _9460782 |
||
| 245 | 0 | _aConvex analysis and monotone operator theory in hilbert spaces. | |
| 260 |
_aNew York _b Springer _c2011 |
||
| 300 |
_axvi,468p _ccm. |
||
| 650 |
_aGift _9391569 |
||
| 700 |
_a Combetter P L _9466775 |
||
| 942 |
_hB313N, Q1 _cTEXL _2CC |
||
| 999 |
_c779592 _d779592 |
||